| 000 | 00808nam a2200265 a 4500 | ||
|---|---|---|---|
| 001 | BRL_1083 | ||
| 005 | 20190320211027.0 | ||
| 008 | 081113s1978----sp-o######---#000-0#eng-# | ||
| 020 | _a8470310585 | ||
| 041 |
_aeng _hspa |
||
| 044 | _asp | ||
| 050 | 4 |
_aNK844 _b.E87 1978 |
|
| 100 | 1 |
_aEspejel, Carlos _925222 |
|
| 245 | 1 | 0 |
_aMexican folk crafts _cCarlos Espejel ; photographer F. Catalá roca ; translated from the spanish by Pablo Shekelton. |
| 260 |
_aBarcelona _bEditorial Blume _c1978 |
||
| 300 |
_a237 p. _bil. _c28 cm. |
||
| 440 | 0 |
_aNueva imagen series _925765 |
|
| 500 | _aAu1219 | ||
| 650 | 1 | 4 |
_aArte popular _zMéxico _9882 |
| 650 | 1 | 4 |
_aArtesanias _zMéxico _93976 |
| 700 | 1 |
_aShekelton, Pablo _etr. _925766 |
|
| 700 | 1 |
_aCatalaì Roca, Francesc _eil. _925767 |
|
| 902 | _aGRL | ||
| 942 |
_2lcc _cB |
||
| 999 |
_c9895 _d9895 |
||